| 000 | 00748nam a2200205Ii 4500 | ||
|---|---|---|---|
| 003 | JO-AjNU | ||
| 008 | 230605s9999||||xx |||||||||||||| ||und|| | ||
| 017 | _a2006/4/942 | ||
| 040 |
_aJO-AjNU _bara _erda _cJO-AjNU |
||
| 041 | _aara | ||
| 050 | 1 | 4 | _aBP184.J32 2006 |
| 100 | 3 |
_aالجبالي، عصام فوزي ؛ مراجعة قاسم عطوة الحجايا, _eauthor _935262 |
|
| 245 | 0 | 0 | _aنظرية التسبيح في القرآن الكريم |
| 264 | 3 | 1 | _aعمان: دار البشير للنشر، 2006 |
| 300 | _a305ص | ||
| 336 |
_atext _btxt _2rdacontent |
||
| 337 |
_aunmediated _bn _2rdamedia |
||
| 338 |
_avolume _bnc _2rdacarrier |
||
| 650 | 4 |
_aالتسبيح- الادعية والاوراد- القرآن الكريم _935263 |
|
| 999 |
_aA14540 _c18108 _d18108 |
||